Statistics for AC Milan Scorers in 2010s Champions League

Click here to take the quiz!

General Stats

  • This quiz has been taken 278 times
  • The average score is 10 of 19

Answer Stats

PlayerNationGls% Correct
Zlatan IbrahimovićSweden9
100%
KakáBrazil2
81%
Alexandre PatoBrazil6
79%
RobinhoBrazil4
78%
Kevin-Prince BoatengGhana4
77%
Andrea PirloItaly1
65%
Clarence SeedorfNetherlands1
63%
RonaldinhoBrazil4
63%
Filippo InzaghiItaly4
62%
Sulley MuntariGhana2
58%
Cristián ZapataColombia1
48%
Thiago SilvaBrazil1
46%
Philippe MexèsFrance1
43%
Mario BalotelliItaly2
40%
Stephan El ShaarawyItaly2
35%
Urby EmanuelsonNetherlands1
29%
Antonio NocerinoItaly1
27%
Antonio CassanoItaly1
26%
Marco BorrielloItaly1
24%

Score Distribution

Percentile by Number Answered

Percent of People with Each Score

Your Score History

You have not taken this quiz